Free to choose A personal statement
Zapisane w:
| 1. autor: | |
|---|---|
| Format: | Książka |
| Język: | Undetermined |
| Wydane: |
London
Secker & Warburg
1979
|
| Hasła przedmiotowe: | |
| Etykiety: |
Dodaj etykietę
Nie ma etykietki, Dołącz pierwszą etykiete!
|
| Thư viện lưu trữ: | Trung tâm Học liệu Trường Đại học Cần Thơ |
|---|
| LEADER | 00508nam a2200193Ia 4500 | ||
|---|---|---|---|
| 001 | CTU_80300 | ||
| 008 | 210402s9999 xx 000 0 und d | ||
| 082 | |a 330.12 | ||
| 082 | |b F899 | ||
| 100 | |a Friedman, Milton | ||
| 245 | 0 | |a Free to choose | |
| 245 | 2 | |b A personal statement | |
| 245 | 0 | |c Milton, Rose Friedman | |
| 260 | |a London | ||
| 260 | |b Secker & Warburg | ||
| 260 | |c 1979 | ||
| 650 | |a Industrial policy | ||
| 904 | |i Trọng Hải | ||
| 980 | |a Trung tâm Học liệu Trường Đại học Cần Thơ | ||